Historia verdadera de la conquista de la Nueva España (Record no. 4123)
[ view plain ]
| 000 -CABECERA | |
|---|---|
| campo de control de longitud fija | 01132nam a2200289 a 4500 |
| 001 - NÚMERO DE CONTROL | |
| campo de control | BRCA_4414 |
| 005 - FECHA Y HORA DE LA ÚLTIMA TRANSACCIÓN | |
| campo de control | 20190320204649.0 |
| 008 - DATOS DE LONGITUD FIJA--INFORMACIÓN GENERAL | |
| campo de control de longitud fija | 830223s19821632sp-h#####b---f000-0#spa-# |
| 020 ## - NÚMERO INTERNACIONAL ESTÁNDAR DEL LIBRO | |
| Número Internacional Estándar del Libro | 8400051130 |
| 041 ## - CÓDIGO DE LENGUA | |
| Código de lengua del texto/banda sonora o título independiente | spa |
| 044 ## - CÓDIGO DEL PAÍS DE LA ENTIDAD EDITORA/PRODUCTORA | |
| Código MARC del país | sp |
| 050 #4 - SIGNATURA TOPOGRÁFICA DE LA BIBLIOTECA DEL CONGRESO | |
| Número de clasificación | F1230 |
| Número de documento/Ítem | .D53 1982 |
| 100 1# - ENTRADA PRINCIPAL--NOMBRE DE PERSONA | |
| Nombre de persona | Díaz del Castillo, Bernal |
| Fechas asociadas al nombre | 1496-1584 |
| 9 (RLIN) | 11213 |
| 245 10 - MENCIÓN DE TÍTULO | |
| Título | Historia verdadera de la conquista de la Nueva España |
| Mención de responsabilidad, etc. | Bernal Díaz del Castillo ; edición crítica por Carmelo Sáenz de Santa María ; participaron en el trabajo Ramón Iglesia ... [et al.]. |
| 260 ## - PUBLICACIÓN, DISTRIBUCIÓN, ETC. | |
| Lugar de publicación, distribución, etc. | Madrid |
| Nombre del editor, distribuidor, etc. | UNAM, Instituto de Investigaciones Históricas |
| Fecha de publicación, distribución, etc. | 1982 |
| 300 ## - DESCRIPCIÓN FÍSICA | |
| Extensión | xxxvii, 687 p. |
| Dimensiones | 29 cm. |
| 440 #0 - MENCIÓN DE SERIE/PUNTO DE ACCESO ADICIONAL--TÍTULO | |
| Título | Monumenta hispano-indiana |
| Nombre de parte o sección de la obra | V centenario del descubrimiento de América |
| Designación de volumen o secuencia | 1 |
| 9 (RLIN) | 11214 |
| 500 ## - NOTA GENERAL | |
| Nota general | Incluye índice de capítulos |
| 500 ## - NOTA GENERAL | |
| Nota general | Facsimíl de: 1632 |
| 500 ## - NOTA GENERAL | |
| Nota general | Colección Sonia Corcuera de Mancera |
| 600 14 - PUNTO DE ACCESO ADICIONAL DE MATERIA--NOMBRE DE PERSONA | |
| Nombre de persona | Cortés, Hernán |
| Fechas asociadas al nombre | 1485-1547 |
| 9 (RLIN) | 439 |
| 651 #4 - PUNTO DE ACCESO ADICIONAL DE MATERIA--NOMBRE GEOGRÁFICO | |
| Nombre geográfico | México |
| Subdivisión general | Historia |
| Subdivisión cronológica | Conquista 1519-1540 |
| 9 (RLIN) | 442 |
| 700 1# - PUNTO DE ACCESO ADICIONAL--NOMBRE DE PERSONA | |
| Nombre de persona | Sáenz de Santa María, Carmelo |
| 9 (RLIN) | 11215 |
| 700 1# - PUNTO DE ACCESO ADICIONAL--NOMBRE DE PERSONA | |
| Nombre de persona | Iglesia, Ramón |
| Fechas asociadas al nombre | 1905-1948 |
| 9 (RLIN) | 11216 |
| 902 ## - CATALOGADOR | |
| Iniciales | DSC |
| 942 ## - ELEMENTOS DE PUNTO DE ACCESO ADICIONAL (KOHA) | |
| Fuente del sistema de clasificación o colocación | Library of Congress Classification |
| Tipo de ítem Koha | Libros |
| Estado de retiro | Estado de pérdida | Estado dañado | No para préstamo | Localización permanente | Ubicación/localización actual | Fecha de adquisición | Total de préstamos | Signatura topográfica completa | Código de barras | Fecha visto por última vez | Precio válido a partir de | Tipo de ítem Koha |
|---|---|---|---|---|---|---|---|---|---|---|---|---|
| El ejemplar forma parte de la colección y puede ser consultado según las políticas vigentes. | Biblioteca del Museo Franz Mayer (Rogerio Casas-Alatriste) | Biblioteca del Museo Franz Mayer (Rogerio Casas-Alatriste) | 17/08/2010 | F1230 .D53 1982 | DSC00109 | 22/03/2019 | 22/03/2019 | Libros |